[Event "TCh-ESP"]
[Site "Lanzarote ESP"]
[Date "2003.05.06"]
[Round "1"]
[White "Illescas Cordoba,M"]
[Black "Gurevich,M"]
[Result "1-0"]
[WhiteElo "2599"]
[BlackElo "2635"]
[EventDate "2003.05.06"]

1. e4 e6 2. d4 d5 3. Nc3 Nf6 4. e5 Nfd7 5. f4 c5 6. Nf3 a6 7. Ne2 Nc6 8. c3
Be7 9. g3 cxd4 10. cxd4 b5 11. Bh3 Nb6 12. O-O Bd7 13. Ne1 Rc8 14. b3 a5
15. Be3 Nb4 16. Nc1 O-O 17. Ncd3 Nxd3 18. Nxd3 b4 19. Qd2 Bb5 20. Rfc1
Rxc1+ 21. Rxc1 Nc8 22. f5 exf5 23. Bxf5 Bd7 24. Bxd7 Qxd7 25. Qc2 Nb6 26.
Qc7 Qf5 27. Nf4 Bd8 28. Qc2 Qg4 29. Kg2 a4 30. h3 Qd7 31. Bd2 axb3 32. axb3
Bg5 33. Qc6 Qa7 34. Bxb4 Bxf4 35. gxf4 Qa6 36. Kf2 Rc8 37. Qxb6 Qa2+ 38.
Kg3 Qxb3+ 39. Kh4 Rf8 40. Qc5 g5+ 41. fxg5 Rb8 42. Qd6 1-0

[Event "TCh-ESP"]
[Site "Lanzarote ESP"]
[Date "2003.05.06"]
[Round "1"]
[White "Kolev,At"]
[Black "Campos Moreno,J"]
[Result "1/2-1/2"]
[WhiteElo "2556"]
[BlackElo "2480"]
[EventDate "2003.05.06"]

1. Nf3 c5 2. c4 e6 3. Nc3 d5 4. cxd5 exd5 5. d4 Nc6 6. g3 Nf6 7. Bg2 Be7 8.
O-O O-O 9. dxc5 Bxc5 10. Bg5 d4 11. Bxf6 Qxf6 12. Nd5 Qd8 13. Nd2 Bh3 14.
Bxh3 Qxd5 15. Bg2 Qe5 16. Rc1 Rac8 17. Nf3 Qe7 18. a3 Rfe8 19. Qd3 Bb6 20.
Rfe1 g6 21. Rc2 h5 22. Rec1 Rcd8 23. b4 Rd7 24. Rb1 Kg7 25. h4 Ne5 26. Nxe5
Qxe5 27. a4 a6 28. a5 Bd8 29. Kf1 Qe6 30. Rc4 Qf6 31. Bf3 Re6 32. Rbc1 b6
33. Rc6 bxa5 34. bxa5 Bxa5 35. Qxa6 Bc3 36. Rxe6 Qxe6 37. Qd3 Qf6 38. Kg2
Rd6 39. Rc2 Ra6 40. Qc4 Ra1 41. Ra2 Rxa2 42. Qxa2 1/2-1/2

[Event "TCh-ESP"]
[Site "Lanzarote ESP"]
[Date "2003.05.06"]
[Round "1"]
[White "Narciso Dublan,M"]
[Black "Matamoros Franco,C"]
[Result "0-1"]
[WhiteElo "2501"]
[BlackElo "2472"]
[EventDate "2003.05.06"]

1. d4 Nf6 2. c4 g6 3. Nc3 Bg7 4. e4 d6 5. Nge2 a6 6. g3 c5 7. dxc5 Qa5 8.
cxd6 Nxe4 9. Qd5 Nc5 10. Be3 exd6 11. Qxd6 Nbd7 12. Bg2 Be5 13. Qd5 O-O 14.
O-O Qc7 15. Rfd1 Re8 16. Rac1 Ne6 17. b4 Qb8 18. Qd2 a5 19. a3 axb4 20.
axb4 Ra3 21. Nb5 Ra6 22. f4 Bg7 23. Nd6 Rd8 24. Nxc8 Qxc8 25. Qc2 Re8 26.
Bf2 Nf6 27. h3 h5 28. c5 Nc7 29. Nc3 h4 30. g4 Ra3 31. Qb2 Ne4 32. Qxa3
Nxc3 33. Bxh4 N7b5 34. Qb3 Re3 35. Re1 Ne2+ 36. Rxe2 Rxb3 37. Rce1 Qc7 38.
Re8+ Kh7 39. Rf1 Rxb4 40. Re7 Qxc5+ 41. Kh1 Nd6 42. f5 Nxf5 0-1

[Event "TCh-ESP"]
[Site "Lanzarote ESP"]
[Date "2003.05.06"]
[Round "1"]
[White "Arizmendi Martinez,J"]
[Black "Giorgadze,G"]
[Result "0-1"]
[WhiteElo "2516"]
[BlackElo "2593"]
[EventDate "2003.05.06"]

1. e4 e5 2. Nf3 Nc6 3. d4 exd4 4. Nxd4 Bc5 5. Nxc6 bxc6 6. Nc3 d6 7. Na4
Bb6 8. Bd3 Ne7 9. O-O O-O 10. Qh5 Bd4 11. Bg5 f6 12. c3 Bb6 13. Bd2 Be6 14.
Qe2 Qd7 15. Nxb6 axb6 16. a3 Rae8 17. Rae1 f5 18. exf5 Bxf5 19. Bxf5 Nxf5
20. Qh5 d5 21. Bf4 c5 22. Be5 d4 23. cxd4 cxd4 24. Qd1 c5 25. Qb3+ Qe6 26.
Qxe6+ Rxe6 27. Bf4 Rfe8 28. Rxe6 Rxe6 29. Rd1 d3 30. Kf1 c4 31. b3 b5 32.
a4 Nd4 33. axb5 Nxb3 34. Bc7 c3 0-1

[Event "TCh-ESP"]
[Site "Lanzarote ESP"]
[Date "2003.05.06"]
[Round "1"]
[White "Corral Blanco,J"]
[Black "Damljanovic,B"]
[Result "1-0"]
[WhiteElo "2456"]
[BlackElo "2587"]
[EventDate "2003.05.06"]

1. d4 Nf6 2. c4 g6 3. Nf3 Bg7 4. g3 O-O 5. Bg2 d6 6. Nc3 c6 7. O-O Qa5 8.
e4 e5 9. Re1 Nbd7 10. Rb1 exd4 11. Nxd4 Ne5 12. b4 Qb6 13. Na4 Qd8 14. Qb3
c5 15. bxc5 dxc5 16. Nb5 Be6 17. Nxc5 Bxc4 18. Qa3 a6 19. Nc3 b5 20. Rd1
Qe7 21. f4 Nc6 22. Nd5 Nxd5 23. exd5 Nd4 24. Ne4 Qa7 25. Be3 Nc2 26. Qxf8+
Kxf8 27. Bxa7 Rxa7 28. d6 Ke8 29. Rd2 Nd4 30. Nc5 Kd8 31. Kh1 Ne6 32. Nb7+
Kd7 33. Rc1 Bd4 34. Rcd1 Be3 35. Rc2 Bb6 36. Rb2 h5 37. h3 h4 38. gxh4 Nxf4
39. Bf3 1-0

[Event "TCh-ESP"]
[Site "Lanzarote ESP"]
[Date "2003.05.06"]
[Round "1"]
[White "Rodriguez,Or"]
[Black "Bellon Lopez,JuM"]
[Result "1/2-1/2"]
[WhiteElo "2464"]
[BlackElo "2422"]
[EventDate "2003.05.06"]

1. d4 Nf6 2. c4 c5 3. e3 e6 4. Nf3 a6 5. Nc3 d5 6. a3 Nc6 7. dxc5 Bxc5 8.
b4 Ba7 9. Bb2 O-O 10. Be2 dxc4 11. Bxc4 b5 12. Bb3 Bb7 13. O-O Qxd1 14.
Rfxd1 Rfd8 15. Rac1 h6 16. h3 Rac8 17. Rxd8+ Rxd8 18. Rd1 Rxd1+ 19. Bxd1
Kf8 20. Kf1 Ne8 21. Nd2 1/2-1/2

[Event "TCh-ESP"]
[Site "Lanzarote ESP"]
[Date "2003.05.06"]
[Round "1"]
[White "San Segundo Carrillo,P"]
[Black "Campora,D"]
[Result "1/2-1/2"]
[WhiteElo "2515"]
[BlackElo "2506"]
[EventDate "2003.05.06"]

1. d4 Nf6 2. c4 e6 3. Nf3 b6 4. g3 Ba6 5. b3 b5 6. cxb5 Bxb5 7. Bg2 d5 8.
Nc3 Bb4 9. Bd2 Bxc3 10. Bxc3 O-O 11. O-O Ne4 12. Bb2 Re8 13. Nd2 Nd6 14.
Re1 a5 15. e4 c6 16. a4 Bd3 17. Rc1 dxe4 18. Nxe4 Bxe4 19. Bxe4 Nxe4 20.
Rxe4 Na6 21. d5 Qxd5 22. Rd4 Qf5 23. Rf4 1/2-1/2

[Event "TCh-ESP"]
[Site "Lanzarote ESP"]
[Date "2003.05.06"]
[Round "1"]
[White "Teran Alvarez,I"]
[Black "Granados Gomez,M"]
[Result "1/2-1/2"]
[WhiteElo "2385"]
[BlackElo "2417"]
[EventDate "2003.05.06"]

1. e4 e5 2. Nf3 Nc6 3. Bb5 Nf6 4. O-O Nxe4 5. d4 Nd6 6. Bxc6 dxc6 7. dxe5
Nf5 8. Qxd8+ Kxd8 9. Nc3 Ke8 10. h3 Ne7 11. Re1 Ng6 12. Ne4 c5 13. Be3 b6
14. Rad1 h6 15. c4 Bb7 16. Bc1 Rd8 17. Nf6+ gxf6 18. exf6+ Ne7 19. Rxd8+
Kxd8 20. fxe7+ Bxe7 21. Ne5 Ke8 22. Bf4 h5 23. Nd3 Rg8 24. g3 f6 25. Bxc7
Kf7 26. Nf4 Rc8 27. Ne6 f5 28. Bf4 Bf6 29. Ng5+ Bxg5 30. Bxg5 Re8 31. Rxe8
Kxe8 32. Bf4 Be4 33. Kf1 Bd3+ 34. Ke1 Bxc4 35. a3 Kd7 36. Kd2 Bf1 37. h4
Kc6 38. Ke3 Kd5 39. Bb8 a5 40. Kf4 Bh3 41. Bc7 Kc6 42. Bd8 a4 43. f3 Bg2
44. g4 fxg4 45. fxg4 hxg4 46. h5 1/2-1/2

[Event "TCh-ESP"]
[Site "Lanzarote ESP"]
[Date "2003.05.06"]
[Round "1"]
[White "Baron Rodriguez,Je"]
[Black "Lezcano Jaen,P"]
[Result "1-0"]
[WhiteElo "2418"]
[BlackElo "2404"]
[EventDate "2003.05.06"]

1. e4 Nf6 2. e5 Nd5 3. d4 d6 4. Nf3 dxe5 5. Nxe5 c6 6. Bc4 Nd7 7. Qf3 Nxe5
8. dxe5 Be6 9. O-O g6 10. Nc3 Nc7 11. Bd3 Bg7 12. Qg3 Qd4 13. Be3 Qg4 14.
Qxg4 Bxg4 15. f4 O-O 16. a4 Rfd8 17. a5 Bf5 18. Bxf5 gxf5 19. Rfd1 Nd5 20.
Nxd5 cxd5 21. Ra4 e6 22. c4 Bf8 23. c5 Rac8 24. b4 a6 25. Bd4 Bh6 26. Rf1
Rd7 27. Ra3 Kh8 28. Rh3 Bg7 29. Kf2 Rf8 30. Ke3 f6 31. exf6 Bxf6 32. Rh6
Kg7 33. Rxf6 Rxf6 34. Rf3 Kf7 35. Bxf6 Kxf6 36. Kd4 Rg7 37. Rh3 Rxg2 38.
Rh6+ Kf7 39. Rxh7+ Kf6 40. Rxb7 Rxh2 41. b5 axb5 42. a6 1-0

[Event "TCh-ESP"]
[Site "Lanzarote ESP"]
[Date "2003.05.06"]
[Round "1"]
[White "Franco Ocampos,Z"]
[Black "Vassallo,M"]
[Result "1/2-1/2"]
[WhiteElo "2523"]
[BlackElo "2440"]
[EventDate "2003.05.06"]

1. c4 Nf6 2. Nc3 e6 3. d4 Bb4 4. e3 O-O 5. Bd3 d5 6. Nf3 c5 7. O-O Nc6 8.
a3 Bxc3 9. bxc3 dxc4 10. Bxc4 Qc7 11. Bb5 Rd8 12. Qc2 Na5 13. Bd3 Bd7 14.
Ne5 Rac8 15. Bd2 Be8 16. f4 c4 17. Be2 Nb3 18. Rab1 Ne4 19. Be1 Nd6 20.
Nxc4 Nxc4 21. Bxc4 Nxd4 22. cxd4 Qxc4 23. Qxc4 Rxc4 24. Rxb7 Rc2 25. Rb1
Rdc8 26. Bb4 Bc6 27. Rf2 Be4 28. Rd1 1/2-1/2

[Event "TCh-ESP"]
[Site "Lanzarote ESP"]
[Date "2003.05.06"]
[Round "1"]
[White "Jerez Perez,A"]
[Black "Fernandez Romero,Ern"]
[Result "1/2-1/2"]
[WhiteElo "2415"]
[BlackElo "2413"]
[EventDate "2003.05.06"]

1. d4 Nf6 2. c4 g6 3. Nc3 d5 4. Nf3 Bg7 5. Bf4 c6 6. e3 O-O 7. Be2 dxc4 8.
Bxc4 Nbd7 9. h3 Nb6 10. Bb3 Nbd5 11. Be5 a5 12. O-O Nxc3 13. bxc3 a4 14.
Bxa4 Qa5 15. Bb3 Qxc3 16. Rc1 Qa5 17. Re1 Ne4 18. Bxg7 Kxg7 19. Qc2 Bf5 20.
Nh4 Nd2 21. Nxf5+ gxf5 22. Re2 Nxb3 23. Qxb3 Qa3 1/2-1/2

[Event "TCh-ESP"]
[Site "Lanzarote ESP"]
[Date "2003.05.06"]
[Round "1"]
[White "Moreno Carnero,J"]
[Black "Fernandez Garcia,Jo"]
[Result "1/2-1/2"]
[WhiteElo "2504"]
[BlackElo "2452"]
[EventDate "2003.05.06"]

1. e4 e5 2. Nf3 Nc6 3. Bb5 a6 4. Ba4 Nf6 5. O-O Be7 6. Re1 b5 7. Bb3 d6 8.
c3 O-O 9. h3 Na5 10. Bc2 c5 11. d4 Qc7 12. Nbd2 cxd4 13. cxd4 Rd8 14. b3
Nc6 15. Bb2 exd4 16. Nxd4 Nxd4 17. Bxd4 Bb7 18. Rc1 Qa5 19. Bb1 Rac8 20.
Rxc8 Rxc8 21. Nf1 g6 22. Qe2 d5 23. e5 Ne4 24. Bxe4 dxe4 25. Rd1 Rd8 26.
Ne3 Bc8 27. Nf1 Bb7 28. Ba1 Rxd1 29. Bd4 Bc8 30. Qc2 1/2-1/2

[Event "TCh-ESP"]
[Site "Lanzarote ESP"]
[Date "2003.05.06"]
[Round "1"]
[White "Toledano Llinares,J"]
[Black "Martin Gonzalez,An"]
[Result "0-1"]
[WhiteElo "2357"]
[BlackElo "2414"]
[EventDate "2003.05.06"]

1. e4 c5 2. Nc3 Nc6 3. Bb5 g6 4. Bxc6 dxc6 5. f4 Bg7 6. Nf3 Nf6 7. O-O O-O
8. d3 b6 9. Qe1 Bg4 10. Ne5 Bd7 11. Qh4 Ne8 12. Nxd7 Qxd7 13. f5 c4 14. Rf3
cxd3 15. Rxd3 Bf6 16. Qh6 Qc7 17. Rh3 Bd4+ 18. Kh1 Nf6 19. Bd2 Rad8 20. e5
Qxe5 21. Re1 Qxf5 22. Ne4 g5 23. Nxg5 Ng4 0-1

[Event "TCh-ESP"]
[Site "Lanzarote ESP"]
[Date "2003.05.06"]
[Round "1"]
[White "Barrero Garcia,C"]
[Black "De la Riva Aguado,J"]
[Result "0-1"]
[WhiteElo "2327"]
[BlackElo "2271"]
[EventDate "2003.05.06"]

1. d4 d5 2. c4 c6 3. Nc3 dxc4 4. a4 Nf6 5. e3 Bf5 6. Bxc4 e6 7. Nge2 Bb4 8.
O-O O-O 9. Ng3 Bg6 10. f4 Nbd7 11. Qf3 h5 12. Na2 Ba5 13. b4 Bc7 14. Nc3
Nb6 15. Bb3 Nbd5 16. Bb2 Nxb4 17. Nce4 Nxe4 18. Nxe4 Nd5 19. Ng5 Bd6 20.
Qg3 Qb6 21. Ba3 Bxa3 22. Rxa3 Rae8 23. Kh1 Qb4 24. e4 Qxa3 25. f5 exf5 26.
exd5 f4 0-1

[Event "TCh-ESP"]
[Site "Lanzarote ESP"]
[Date "2003.05.06"]
[Round "1"]
[White "Estremera Panos,S"]
[Black "Mullor Gomez,L"]
[Result "1/2-1/2"]
[WhiteElo "2370"]
[BlackElo "2348"]
[EventDate "2003.05.06"]

1. d4 Nf6 2. c4 d6 3. Nf3 Bf5 4. Nc3 g6 5. Nh4 Bd7 6. e4 e5 7. Nf3 exd4 8.
Nxd4 Nc6 9. Be2 Bg7 10. Be3 O-O 11. O-O Re8 12. f3 Nh5 13. Qd2 Nxd4 14.
Bxd4 Nf4 15. Rfd1 Qg5 16. Bf1 Bxd4+ 17. Qxd4 Bc6 18. b4 b6 19. Nd5 Bxd5 20.
cxd5 a5 21. g3 Nh5 22. b5 f5 23. Rac1 Re7 24. Rc2 fxe4 25. fxe4 Qf6 26. Bh3
Kg7 27. Be6 Rf8 28. Qxf6+ Nxf6 29. Rdc1 Ne8 30. Kg2 Kf6 31. Rf1+ Kg7 32.
Rfc1 Kf6 33. Rf1+ Kg7 1/2-1/2

[Event "TCh-ESP"]
[Site "Lanzarote ESP"]
[Date "2003.05.06"]
[Round "1"]
[White "Ortega Hermida,D"]
[Black "De la Rocha,R"]
[Result "1-0"]
[WhiteElo "2362"]
[BlackElo "2335"]
[EventDate "2003.05.06"]

1. d4 d6 2. Nf3 Bg4 3. c4 Bxf3 4. exf3 g6 5. Nc3 Bg7 6. Be3 e6 7. Qb3 Ne7
8. Be2 O-O 9. f4 Nbc6 10. d5 exd5 11. cxd5 Na5 12. Qa4 b6 13. Bd4 Qe8 14.
Qd1 Bh6 15. g3 Nf5 16. Bf6 a6 17. O-O Bg7 18. Bxg7 Kxg7 19. b4 Nb7 20. Qd2
h5 21. Rfe1 Qd7 22. Rac1 Rfe8 23. Bf1 Rxe1 24. Rxe1 Re8 25. Ne4 f6 26. Qc3
Qf7 27. Ng5 1-0

[Event "TCh-ESP"]
[Site "Lanzarote ESP"]
[Date "2003.05.06"]
[Round "1"]
[White "Sanz Alonso,F"]
[Black "Candela Perez,J"]
[Result "1/2-1/2"]
[WhiteElo "2406"]
[BlackElo "2424"]
[EventDate "2003.05.06"]

1. e4 c5 2. Nf3 d6 3. d4 cxd4 4. Nxd4 Nf6 5. Nc3 a6 6. Bg5 e6 7. f4 Qb6 8.
Nb3 Nbd7 9. Qf3 Qc7 10. Bd3 b5 11. a3 Bb7 12. O-O Be7 13. Rae1 h6 14. Bh4
Nc5 15. Nd4 Nfxe4 16. Nxe6 Nxe6 17. Bxe4 Bxh4 18. Bxb7 Bxe1 19. Bxa8 Bxc3
20. Bc6+ Ke7 21. bxc3 Rc8 22. Bb7 Qb6+ 23. Kh1 Rc4 24. Re1 Kf8 25. g3 Nc7
26. Be4 Qc5 27. Bd3 Rxc3 28. Qe2 Qc6+ 29. Kg1 Qd7 30. Kf1 Qh3+ 31. Kg1 Qd7
32. Kf1 Qh3+ 33. Kg1 Qe6 34. Qf2 Qf6 35. Qb6 g6 36. Re4 Kg7 37. a4 d5 38.
Qxf6+ Kxf6 39. Rd4 Ke6 40. axb5 axb5 41. f5+ Kf6 42. fxg6 fxg6 43. Rf4+ Kg7
44. Kf2 g5 45. Rb4 Kf6 46. h4 Ke5 47. hxg5 hxg5 48. Kf3 Ne6 49. Ke3 d4+ 50.
Kf3 Rc5 51. Kg4 Kf6 52. Rb1 Nc7 53. Rf1+ Ke6 54. Bf5+ Kd6 55. Rd1 Ne6 56.
Bxe6 Kxe6 57. Rxd4 Rxc2 58. Kxg5 Rc4 59. Rd8 b4 60. Rb8 Ke5 61. g4 Kd4 62.
Kf6 Kc3 63. g5 b3 64. g6 b2 65. g7 Rg4 66. Kf7 Rxg7+ 67. Kxg7 Kc2 1/2-1/2

[Event "TCh-ESP"]
[Site "Lanzarote ESP"]
[Date "2003.05.06"]
[Round "1"]
[White "Llobel Cortell,E"]
[Black "Reinaldo Castineira,R"]
[Result "1/2-1/2"]
[WhiteElo "2389"]
[BlackElo "2405"]
[EventDate "2003.05.06"]

1. d4 c5 2. d5 g6 3. e4 Bg7 4. Nc3 d6 5. f4 Na6 6. Nf3 Nc7 7. a4 Nf6 8. Bc4
O-O 9. O-O b6 10. Qe1 a6 11. Qh4 Rb8 12. f5 b5 13. axb5 1/2-1/2

[Event "TCh-ESP"]
[Site "Lanzarote ESP"]
[Date "2003.05.07"]
[Round "2"]
[White "Giorgadze,G"]
[Black "San Segundo Carrillo,P"]
[Result "1/2-1/2"]
[WhiteElo "2593"]
[BlackElo "2515"]
[EventDate "2003.05.06"]

1. d4 Nf6 2. c4 e6 3. Nc3 Bb4 4. e3 O-O 5. Nge2 Re8 6. a3 Bf8 7. g3 d5 8.
cxd5 exd5 9. Bg2 a5 10. O-O Na6 11. h3 c6 12. g4 Nc7 13. Ng3 b6 14. g5 Nd7
15. f4 Ba6 16. Rf2 b5 17. h4 b4 18. Nce2 Nb6 19. f5 Nc4 1/2-1/2

[Event "TCh-ESP"]
[Site "Lanzarote ESP"]
[Date "2003.05.07"]
[Round "2"]
[White "Jerez Perez,A"]
[Black "Baron Rodriguez,Je"]
[Result "1/2-1/2"]
[WhiteElo "2415"]
[BlackElo "2418"]
[EventDate "2003.05.06"]

1. c4 e6 2. g3 d5 3. Bg2 Nf6 4. d4 dxc4 5. Qa4+ Nbd7 6. Nd2 c6 7. Qxc4 e5
8. Ngf3 exd4 9. Qxd4 Bc5 10. Qc4 O-O 11. O-O Qe7 12. Nb3 Bd6 13. Nbd4 Ne5
14. Nxe5 Bxe5 15. Nf3 Bc7 16. Be3 Re8 17. Rfe1 Be6 18. Qc2 Bd5 19. a3 Ba5
20. b4 Bb6 21. Bc5 Bxc5 22. bxc5 Ne4 23. Rec1 b6 24. cxb6 axb6 25. Qb2 b5
26. Ne1 Ra4 27. Nd3 Qa7 28. e3 Nd6 29. Bxd5 cxd5 1/2-1/2

[Event "TCh-ESP"]
[Site "Lanzarote ESP"]
[Date "2003.05.07"]
[Round "2"]
[White "Martin Gonzalez,An"]
[Black "Moreno Carnero,J"]
[Result "0-1"]
[WhiteElo "2414"]
[BlackElo "2504"]
[EventDate "2003.05.06"]

1. e4 e6 2. d4 d5 3. Nc3 Nf6 4. Bg5 dxe4 5. Nxe4 Be7 6. Bxf6 Bxf6 7. Nf3
Nd7 8. c3 O-O 9. Bd3 e5 10. Nxf6+ Qxf6 11. dxe5 Nxe5 12. Nxe5 Qxe5+ 13. Qe2
Re8 14. O-O-O Qf4+ 15. Qd2 Qf6 16. Rhe1 Be6 17. Kb1 Rad8 18. Re3 Rd6 19.
Rf3 Qe5 20. Qf4 Qa5 21. b3 Red8 22. Kb2 g6 23. g4 Qc5 24. h4 b5 25. Rd2 a5
26. h5 b4 27. cxb4 Qxb4 28. Qxb4 axb4 29. hxg6 hxg6 30. g5 Bf5 31. Kc2 Rc6+
32. Kb2 Rc3 0-1

[Event "TCh-ESP"]
[Site "Lanzarote ESP"]
[Date "2003.05.07"]
[Round "2"]
[White "Lezcano Jaen,P"]
[Black "Toledano Llinares,J"]
[Result "1/2-1/2"]
[WhiteElo "2404"]
[BlackElo "2357"]
[EventDate "2003.05.06"]

1. c4 e5 2. g3 f5 3. Bg2 Nc6 4. Nc3 Nf6 5. e3 d5 6. cxd5 Nb4 7. d3 Nfxd5 8.
Nxd5 Nxd5 9. a3 Nf6 10. Qc2 Bd6 11. Nf3 O-O 12. O-O Kh8 13. Re1 Qe8 14. e4
fxe4 15. dxe4 b6 16. Nh4 Ng4 17. Be3 Nxe3 18. Rxe3 g6 19. Rf3 Bg4 20. Rxf8+
Qxf8 21. h3 Bd7 22. Qc3 Qg7 23. Rd1 a5 24. Nf3 Qf6 25. Nd2 Be6 26. Nc4 Bxc4
27. Qxc4 Bc5 28. Rd2 Rf8 29. Qc2 Rf7 30. a4 Bd4 31. b3 Kg7 32. Bf1 h5 33.
Bc4 Rf8 34. Bf1 Kh6 35. Bg2 Qd6 36. Kh2 Rf7 37. Qc1 Kg7 38. Qc2 Qf6 39. Kg1
h4 40. g4 Qd6 41. Kh2 Qa3 42. Bf1 Qf8 43. Kg2 c5 44. Bc4 Rf3 45. Bd5 Qf4
46. Bc6 Rc3 47. Qd1 Kh6 48. Bd5 Kg5 49. Rc2 Kh6 50. Qd2 Qxd2 51. Rxd2 Kg5
52. Bc4 Kf4 53. Bf7 Kxe4 54. Bxg6+ Kf4 55. Rd3 e4 56. Rxc3 Bxc3 57. Bf7 Bd2
58. Bc4 Ke5 59. Kf1 Kd4 60. Ke2 Bf4 61. Bf7 Kc3 62. Bd5 Kb4 63. Kd1 Kc3 64.
Ke2 Bh6 65. Be6 Bf4 66. Bf7 Bg5 67. Bg8 Kd4 68. Bf7 1/2-1/2

[Event "TCh-ESP"]
[Site "Lanzarote ESP"]
[Date "2003.05.07"]
[Round "2"]
[White "Fernandez Romero,Ern"]
[Black "Vassallo,M"]
[Result "1-0"]
[WhiteElo "2413"]
[BlackElo "2440"]
[EventDate "2003.05.06"]

1. e4 g6 2. d4 Bg7 3. Nc3 d6 4. f4 a6 5. Nf3 b5 6. Bd3 Bb7 7. e5 Nd7 8. O-O
e6 9. Ne4 Nb6 10. c3 Ne7 11. Bd2 h5 12. Qe2 Nf5 13. Rae1 Bxe4 14. Bxe4 d5
15. Bd3 Bf8 16. Be3 Be7 17. Bf2 Nd7 18. b3 c5 19. c4 bxc4 20. bxc4 dxc4 21.
Bxf5 gxf5 22. d5 Qa5 23. dxe6 fxe6 24. Qxc4 Rh6 25. Rb1 Nb6 26. Qb3 Nd5 27.
Qb7 Rd8 28. Bh4 Qc7 29. Qxa6 Nb4 30. Qc4 Bxh4 31. Rxb4 Be7 32. Rfb1 Rg6 33.
Rb6 Qd7 34. Kf1 h4 35. Rb7 Qd5 36. Qxd5 exd5 37. Rc7 Rd7 38. Rb8+ Bd8 39.
Rxc5 d4 40. Rbb5 Ra6 41. Rd5 Rc7 42. Rb2 1-0

[Event "TCh-ESP"]
[Site "Lanzarote ESP"]
[Date "2003.05.07"]
[Round "2"]
[White "Fernandez Garcia,Jo"]
[Black "Franco Ocampos,Z"]
[Result "1/2-1/2"]
[WhiteElo "2452"]
[BlackElo "2523"]
[EventDate "2003.05.06"]

1. e4 d6 2. d4 Nf6 3. Nc3 g6 4. f4 Bg7 5. Nf3 O-O 6. Bd3 Nc6 7. e5 dxe5 8.
dxe5 Nd5 9. O-O Ndb4 10. Be4 f5 11. Bd5+ Nxd5 12. Qxd5+ e6 13. Qc4 Bd7 14.
Be3 h6 15. Rad1 Rf7 16. Rf2 Bf8 17. Rfd2 Qe8 18. Qe2 a6 19. a3 Rd8 20. Qf2
Bc8 21. Rxd8 1/2-1/2

[Event "TCh-ESP"]
[Site "Lanzarote ESP"]
[Date "2003.05.07"]
[Round "2"]
[White "Reinaldo Castineira,R"]
[Black "Sanz Alonso,F"]
[Result "1/2-1/2"]
[WhiteElo "2405"]
[BlackElo "2406"]
[EventDate "2003.05.06"]

1. e4 e5 2. Nf3 Nc6 3. d4 exd4 4. Nxd4 Bc5 5. Nxc6 Qf6 6. Qd2 dxc6 7. Nc3
Bd4 8. Bd3 Ne7 9. O-O Ng6 10. Kh1 Ne5 11. Be2 Ng4 12. Bxg4 Bxg4 13. f3 Be6
14. Ne2 Bxb2 15. Bxb2 Qxb2 16. Rab1 Qxa2 17. Rxb7 O-O 18. Rd1 a5 19. Nf4 h6
20. Qc3 Qc4 21. Qe5 Rfd8 22. Rxd8+ Rxd8 23. h4 Qf1+ 24. Kh2 Qf2 25. Qh5 Rd2
26. Rxc7 Rxc2 27. Re7 Qd2 28. Qe5 Kh7 29. Rxf7 Bxf7 30. Qf5+ Kg8 31. Qc8+
Kh7 32. Qf5+ 1/2-1/2

[Event "TCh-ESP"]
[Site "Lanzarote ESP"]
[Date "2003.05.07"]
[Round "2"]
[White "Llobel Cortell,E"]
[Black "Barrero Garcia,C"]
[Result "1/2-1/2"]
[WhiteElo "2389"]
[BlackElo "2327"]
[EventDate "2003.05.06"]

1. d4 Nf6 2. c4 g6 3. g3 Bg7 4. Bg2 O-O 5. Nf3 d5 6. cxd5 Nxd5 7. O-O Nc6
8. Nc3 Nb6 9. d5 Na5 10. Qc2 c6 11. dxc6 Nxc6 12. Rd1 Bd7 13. Be3 Qc8 14.
Bxb6 axb6 15. Nd5 Ra6 16. Qxc6 bxc6 17. Nxe7+ Kh8 18. Nxc8 Bxc8 19. Rd2 c5
20. a3 Kg8 21. Ng5 Bf5 22. Ne4 Bxe4 23. Bxe4 Ra4 24. Bd5 Rd4 25. Rad1 Rd8
26. Rxd4 Bxd4 27. e3 Bf6 28. b3 Kf8 29. a4 Ke7 30. Kf1 Bc3 31. Ke2 Rd6 32.
Rd3 Ba1 33. f4 f6 34. g4 g5 35. Kf3 Kf8 36. Ke4 h6 37. Kf5 Kg7 38. Ke4 Kf8
39. h3 Bb2 40. Rd2 Bc3 41. Rd3 Bb2 42. Bc4 Rxd3 43. Bxd3 Bc3 44. Kd5 Ke7
45. Kc6 Ba5 46. f5 Kf7 47. Bc4+ Ke7 48. e4 Kf8 49. Be6 Ke8 50. Bc8 Ke7 51.
Ba6 Ke8 52. Bc4 Kf8 53. Kd6 Bc3 54. Kd5 Ke8 55. Kc6 Ba5 56. e5 fxe5 57. Kd6
e4 58. Ke6 Bc3 59. f6 e3 60. Kf5 Kf8 61. Kg6 Bd4 62. Bd3 Bc3 63. Bc4 Bd4
64. f7 Bg7 65. Kh7 e2 66. Bxe2 Kxf7 67. Bc4+ Kf8 68. Kg6 Bd4 69. Kxh6 Be3
70. Kg6 Bd2 71. Kf6 Be3 72. Bd5 Bd2 73. Be6 Be3 74. Bc4 Bd2 75. Bd5 Be3 76.
Ke6 Bd2 77. Kd6 Kg7 78. Kc6 Ba5 79. Kd6 Kf6 80. Bc4 Bd2 81. Kd5 Ba5 82. Be2
Bd2 83. Ke4 Be1 84. Kf3 Ke5 85. Bc4 Bh4 86. Ke3 Be1 87. Kd3 Kf4 88. Be6
1/2-1/2

[Event "TCh-ESP"]
[Site "Lanzarote ESP"]
[Date "2003.05.07"]
[Round "2"]
[White "Mullor Gomez,L"]
[Black "Ortega Hermida,D"]
[Result "1-0"]
[WhiteElo "2348"]
[BlackElo "2362"]
[EventDate "2003.05.06"]

1. e4 c5 2. Nc3 e6 3. f4 a6 4. Nf3 Nc6 5. g3 f6 6. Bg2 Nh6 7. O-O Be7 8. d3
O-O 9. h3 Rb8 10. g4 Nf7 11. Qe2 b5 12. Be3 d5 13. Bf2 d4 14. Nd1 Bd6 15.
Bg3 Qc7 16. Nd2 Bb7 17. h4 Rbd8 18. Bh2 c4 19. Rf2 Nb4 20. Nf1 f5 21. a3
Nc6 22. e5 Bc5 23. gxf5 exf5 24. Bf3 Nh6 25. Rg2 Ne7 26. Nf2 Nd5 27. dxc4
Ne3 28. Bxb7 Qxb7 29. Nxe3 dxe3 30. Nd3 Bd4 31. cxb5 axb5 32. Bg3 Ng4 33.
Be1 Rc8 34. Rd1 Rxc2 35. Qxc2 e2+ 36. Bf2 exd1=Q+ 37. Qxd1 Bxf2+ 38. Nxf2
Qxg2+ 39. Kxg2 Ne3+ 40. Kf3 Nxd1 41. Nxd1 b4 42. axb4 Rb8 43. Ne3 g6 44.
Nc2 Rc8 45. Na3 Kg7 46. b5 h6 47. Ke3 g5 48. fxg5 hxg5 49. hxg5 Kg6 50. Kf4
Rc1 51. b6 Rc6 52. b7 Rb6 53. Nc4 Rxb7 54. e6 Rb4 55. b3 Rxb3 56. Ne5+ Kh5
57. e7 Rb8 58. Kxf5 Re8 59. Ng6 Ra8 60. Nf4+ Kh4 61. g6 Re8 62. Kf6 1-0

[Event "TCh-ESP"]
[Site "Lanzarote ESP"]
[Date "2003.05.07"]
[Round "2"]
[White "De la Rocha,R"]
[Black "De la Riva Aguado,J"]
[Result "1-0"]
[WhiteElo "2335"]
[BlackElo "2271"]
[EventDate "2003.05.06"]

1. c4 c5 2. Nf3 Nc6 3. g3 g6 4. Bg2 Bg7 5. Nc3 e5 6. a3 Nge7 7. Rb1 d5 8.
cxd5 Nxd5 9. Nxe5 Bxe5 10. Nxd5 O-O 11. O-O Be6 12. Nf4 Bxf4 13. gxf4 Bd5
14. b4 Bxg2 15. Kxg2 cxb4 16. axb4 Qd4 17. d3 Nxb4 18. Ba3 a5 19. e3 Qd6
20. Qd2 Qe6 21. h3 Rfd8 22. Bxb4 axb4 23. Qxb4 Rxd3 24. Qxb7 Ra2 25. Qb8+
Kg7 26. Rb2 Ra5 27. Qb7 Rad5 28. Kh2 Qe4 29. Ra2 Qe6 30. Qb2+ Kh6 31. Rg1
Rd2 32. Qxd2 Rxd2 33. Rxd2 Qe4 34. Kg3 g5 35. fxg5+ Kxg5 36. Rd4 Qc6 37.
Rf4 f5 38. Kh2+ Kf6 39. h4 h6 40. Ra1 Qb5 41. Rg1 Qe2 42. Rg3 Qh5 43. Rgf3
Ke6 44. Kh3 Qg6 45. Rxf5 Qg1 46. R3f4 h5 47. Rg5 Qh1+ 48. Kg3 Ke7 49. Rd4
Ke6 50. Rxh5 Qg1+ 51. Kf3 1-0

[Event "TCh-ESP"]
[Site "Lanzarote ESP"]
[Date "2003.05.08"]
[Round "3"]
[White "Kolev,At"]
[Black "Marin,M"]
[Result "1/2-1/2"]
[WhiteElo "2556"]
[BlackElo "2568"]
[EventDate "2003.05.06"]

1. Nf3 Nf6 2. c4 c5 3. Nc3 e6 4. g3 b6 5. Bg2 Bb7 6. O-O Be7 7. Re1 d6 8.
e4 Nbd7 9. d4 cxd4 10. Nxd4 Qc7 11. Be3 Rc8 12. f4 O-O 13. Rc1 Qb8 14. b3
a6 15. g4 Qa8 16. Bf2 Nc5 17. Qe2 g6 18. f5 e5 19. Nc2 gxf5 20. gxf5 b5 21.
Nd5 Bd8 22. Rcd1 Bxd5 23. cxd5 Kh8 24. Kh1 1/2-1/2

[Event "TCh-ESP"]
[Site "Lanzarote ESP"]
[Date "2003.05.08"]
[Round "3"]
[White "Illescas Cordoba,M"]
[Black "Matamoros Franco,C"]
[Result "1/2-1/2"]
[WhiteElo "2599"]
[BlackElo "2472"]
[EventDate "2003.05.06"]

1. d4 Nf6 2. c4 g6 3. Nc3 Bg7 4. e4 d6 5. Bd3 O-O 6. Nge2 e5 7. d5 c6 8.
O-O Na6 9. Ng3 Nc5 10. Bc2 cxd5 11. cxd5 a5 12. Rb1 Bd7 13. Qe2 Qb6 14. Bg5
Rfc8 15. Qd2 Ng4 16. Bd1 f6 17. Bxg4 Bxg4 18. Bh6 Bd7 19. Bxg7 Kxg7 20. Kh1
Qb4 21. f4 Qd4 22. Qe2 exf4 23. Rxf4 Rf8 24. Rd1 Qe5 25. Rdf1 Rae8 26. Qd2
b5 27. Nd1 g5 28. R4f2 Nxe4 29. Nxe4 Qxe4 30. Qxa5 Qxd5 31. a3 Rf7 32. Nc3
Qc5 33. Ne2 Bg4 34. Ng3 h5 35. Qd2 h4 36. Nf5+ Bxf5 37. Rxf5 Re5 38. Qxg5+
fxg5 39. Rxf7+ Kg8 40. Rf8+ Kg7 41. R8f7+ Kg8 42. Rf8+ Kg7 43. R8f7+
1/2-1/2